| 000 | 00411nam a22001337a 4500 | ||
|---|---|---|---|
| 003 | OSt | ||
| 082 | _a630 | ||
| 088 | _aP551 | ||
| 100 |
_aANKITH ANILKUMAR _aAVEEN RAGH _aAMAN _aVAISAKH, K _95337 |
||
| 245 | _a DEVELOPMENT AND PERFORMANCE EVALUATION OF TENDER JACKFRUIT PEELER | ||
| 260 |
_aThavanur _KKelappaji College of Agricultural Engineering and Technology _c2022 |
||
| 700 |
_aDr Rajesh _95338 |
||
| 942 | _cPR | ||
| 999 |
_c17597 _d17597 |
||